[Event "BCF-chT4a 0405 (4NCL)"]
[Site "Telford"]
[Date "2005.04.17"]
[Round "8.5"]
[White "Sirisena, Anuk Neomal"]
[Black "Fowler, Keith"]
[Result "1-0"]
[WhiteElo "1820"]
[BlackElo "1625"]
[PlyCount "43"]
[EventDate "2004.11.06"]
[EventType "team-tourn"]
[EventRounds "11"]
[EventCountry "ENG"]
[SourceTitle "EXT 2006"]
[Source "ChessBase"]
[SourceDate "2005.11.24"]
[SourceVersion "1"]
[SourceVersionDate "2005.11.24"]
[SourceQuality "1"]
[WhiteTeam "Richmond II"]
[BlackTeam "Hilsmark Kingfisher III"]
[WhiteTeamCountry "ENG"]
[BlackTeamCountry "ENG"]

1. e4 d6 2. d4 Nf6 3. Nc3 g6 4. Be3 Bg7 5. f3 0-0 6. Qd2 e5 7. Nge2 Nc6 8. 0-0-0 exd4 9. Nxd4 Nxd4 10. Bxd4 c6 11. Be3 Be6 12. h4 d5 13. Qf2 Qc7 14. h5 dxe4 15. Nxe4 Nxe4 16. fxe4 Qe5 17. Bd4 Qxe4 18. Bxg7 Kxg7 19. h6+ Kg8 20. Qf6 Qe3+ 21. Kb1 Bxa2+ 22. Ka1 1-0